000 00708nam0a22002411 4500
001 v19\rc\1406488
005 20250618102627.0
035 _a(NLR Aleph) 004535918
090 _a1936567
_c1936566
100 _a20060512d1875 |||y0rusy50 ca
101 0 _arus
102 _aRU
105 _ay z |||a|
200 1 _aЧасовенный наставник
_eНар. рассказ
_fСоч. Е. Соловьева
210 _aКазань
_cГуб. тип.
_d1875
215 _a12 с.
700 1 _aСоловьев
_bЕ.Т.
_gЕвпл Титович
801 0 _aRU
_bNLR
_gpsbo
801 0 _aRU
_bRuMoRGB
_2psbo
801 1 _aRU
_bProSoft-M
_2rusmarc
852 _aNLR
_j18.108.8.242
942 _cBOOK
980 _aNB